<?xml version="1.0" encoding="UTF-8"?>
<record
    xmlns:xsi="http://www.w3.org/2001/XMLSchema-instance"
    xsi:schemaLocation="http://www.loc.gov/MARC21/slim http://www.loc.gov/standards/marcxml/schema/MARC21slim.xsd"
    xmlns="http://www.loc.gov/MARC21/slim">

  <leader>01773nkm a2200385 i 4500</leader>
  <controlfield tag="001">2989</controlfield>
  <controlfield tag="003">ES-MaACL</controlfield>
  <controlfield tag="005">20250804050943.0</controlfield>
  <controlfield tag="007">khrbo</controlfield>
  <controlfield tag="008">041103s1981    sp --- g      |001||spa d</controlfield>
  <datafield tag="100" ind1="0" ind2=" ">
    <subfield code="a">Alfonso,</subfield>
    <subfield code="d">1902-1990</subfield>
    <subfield code="9">19858</subfield>
  </datafield>
  <datafield tag="245" ind1="1" ind2="0">
    <subfield code="a">Lectura dramatizada de "Crucero de verano al sol de medianoche" del autor Joaqu&#xED;n Esteban Perruca [</subfield>
    <subfield code="h">Fotograf&#xED;a] / </subfield>
    <subfield code="c">Alfonso (sello).</subfield>
  </datafield>
  <datafield tag="260" ind1=" " ind2=" ">
    <subfield code="a">[S.l. : </subfield>
    <subfield code="b">s.n.], </subfield>
    <subfield code="c">1981.</subfield>
  </datafield>
  <datafield tag="300" ind1=" " ind2=" ">
    <subfield code="a">6 fot. : </subfield>
    <subfield code="b">b. y n. ; </subfield>
    <subfield code="c">12 x 18 y 13 x 18 cm.</subfield>
  </datafield>
  <datafield tag="500" ind1=" " ind2=" ">
    <subfield code="a">Datos basados en invitaci&#xF3;n.</subfield>
  </datafield>
  <datafield tag="511" ind1="0" ind2=" ">
    <subfield code="a">Intervienen: C&#xE9;sar de Varona, Carlos D&#xED;az, Emy Alcal&#xE1;, Pilar Llanes, Fernando Mart&#xED;n, Mila Roig, Antonio P&#xE9;rez Bayod, Carmen Robles, Carlos Marcet, Roberto Altozano, Jos&#xE9; Luis Rogerio.</subfield>
  </datafield>
  <datafield tag="518" ind1=" " ind2=" ">
    <subfield code="a">Acto organizado por la Secci&#xF3;n de Literatura, Secretar&#xED;a de Teatro del Ateneo de Madrid, celebrado en la sala de conferencias el viernes 10 de abril de 1981, a las 19:15 h.</subfield>
  </datafield>
  <datafield tag="600" ind1="1" ind2="4">
    <subfield code="a">Varona, C&#xE9;sar de.</subfield>
    <subfield code="9">113243</subfield>
  </datafield>
  <datafield tag="600" ind1="1" ind2="4">
    <subfield code="a">D&#xED;az, Carlos,</subfield>
    <subfield code="d">1944-</subfield>
    <subfield code="9">44113</subfield>
  </datafield>
  <datafield tag="600" ind1="1" ind2="4">
    <subfield code="a">Alcal&#xE1;, Emy.</subfield>
    <subfield code="9">19450</subfield>
  </datafield>
  <datafield tag="600" ind1="1" ind2="4">
    <subfield code="a">Llanes, Pilar.</subfield>
    <subfield code="9">72691</subfield>
  </datafield>
  <datafield tag="600" ind1="1" ind2="4">
    <subfield code="a">Mart&#xED;n, Fernando.</subfield>
    <subfield code="9">77299</subfield>
  </datafield>
  <datafield tag="600" ind1="1" ind2="4">
    <subfield code="a">Roig, Mila.</subfield>
    <subfield code="9">99005</subfield>
  </datafield>
  <datafield tag="600" ind1="1" ind2="4">
    <subfield code="a">P&#xE9;rez Bayod, Antonio.</subfield>
    <subfield code="9">90663</subfield>
  </datafield>
  <datafield tag="600" ind1="1" ind2="4">
    <subfield code="a">Robles, Carmen.</subfield>
    <subfield code="9">97925</subfield>
  </datafield>
  <datafield tag="600" ind1="1" ind2="4">
    <subfield code="a">Marcet, Carlos.</subfield>
    <subfield code="9">76383</subfield>
  </datafield>
  <datafield tag="600" ind1="1" ind2="4">
    <subfield code="a">Altozano, Roberto.</subfield>
    <subfield code="9">20560</subfield>
  </datafield>
  <datafield tag="600" ind1="1" ind2="4">
    <subfield code="a">Rogerio, Jos&#xE9; Luis.</subfield>
    <subfield code="9">98940</subfield>
  </datafield>
  <datafield tag="600" ind1="1" ind2="4">
    <subfield code="a">Tamarit, Jos&#xE9; Francisco.</subfield>
    <subfield code="9">109145</subfield>
  </datafield>
  <datafield tag="610" ind1="2" ind2="4">
    <subfield code="a">Ateneo de Madrid-</subfield>
    <subfield code="x">Actos culturales-</subfield>
    <subfield code="y">1981-</subfield>
    <subfield code="v">Fotograf&#xED;as.</subfield>
    <subfield code="9">1892</subfield>
  </datafield>
  <datafield tag="710" ind1="2" ind2=" ">
    <subfield code="a">Ateneo de Madrid. </subfield>
    <subfield code="b">Secci&#xF3;n de Literatura. Secretar&#xED;a de Teatro.</subfield>
    <subfield code="9">1999</subfield>
  </datafield>
  <datafield tag="852" ind1=" " ind2=" ">
    <subfield code="a">ES-MaACL</subfield>
    <subfield code="j">FOT 20/1981</subfield>
  </datafield>
  <datafield tag="856" ind1="4" ind2=" ">
    <subfield code="u">http://www.ateneodemadrid.net/biblioteca_digital/imagenes/1981/0020-1981.jpg</subfield>
    <subfield code="z">Ver imagen</subfield>
  </datafield>
  <datafield tag="999" ind1=" " ind2=" ">
    <subfield code="c">2989</subfield>
    <subfield code="d">2989</subfield>
  </datafield>
  <datafield tag="952" ind1=" " ind2=" ">
    <subfield code="0">0</subfield>
    <subfield code="1">0</subfield>
    <subfield code="4">0</subfield>
    <subfield code="7">0</subfield>
    <subfield code="8">Colecci&#xF3;n_digital</subfield>
    <subfield code="a">ATENEOM</subfield>
    <subfield code="b">ATENEOM</subfield>
    <subfield code="c">DEPOZ</subfield>
    <subfield code="d">2008-01-17</subfield>
    <subfield code="e">SC</subfield>
    <subfield code="l">0</subfield>
    <subfield code="o">FOT 20/1981</subfield>
    <subfield code="p">1003052</subfield>
    <subfield code="r">2023-02-23 00:00:00</subfield>
    <subfield code="w">2023-02-23</subfield>
    <subfield code="y">FOTOGRAFIA</subfield>
  </datafield>
</record>
